00241 2200097 4500001002100000005001500021035002400036245004500060260002700105990001100132YOGYA00000000007082220140823082457 0010-081400000070539 aIkhtisar MatematikacAhmad Abbas Nugroho aSolobAneka soloc1995 a9463-P